ბათუმის შოთა რუსთაველის სახელმწიფო უნივერსიტეტის ბიბლიოთეკა

ცივილისტური შტუდიები : (ბიბ.ჩანაწერი № 57648)

000 -ლიდერი
ფიქსირებული სიგრძის საკონტროლო ველი 02043nam a22002657a 4500
003 - საკონტროლო ნომრის იდენტიფიკატორი
საკონტროლო ველი Ge_BSU
005 - ბოლო ოპერაციის თარიღი და დრო
საკონტროლო ველი 20200825131110.0
008 - ფიქსირებული სიგრძის მონაცემთა ელემენტები - ზოგადი ინფორმაცია
ფიქსირებული სიგრძის საკონტროლო ველი 200825s2017 ge ||||| |||| 00| 0 geo d
020 ## - წიგნის საერთაშორისო სტანდარტული ნომერი
International Standard Book Number 9789941094958
041 ## - ენის კოდი
Language code of text/sound track or separate title geo
080 ## - უნივერსალური ათობითი კლასიფიკაციის ინდექსი
Universal Decimal Classification number 821.353.1-94 გ-64
100 ## - მთავარი ჩანაწერი - პიროვნების სახელი
Personal name გოკიელი, ფატი
9 (RLIN) 9321
245 ## - ცნობა სათაურის შესახებ
Title ცივილისტური შტუდიები :
Remainder of title მოგონებები /
Statement of responsibility, etc ფატი გოკიელი ; შესავალი წერილი თ. ნინიძის ; რედაქტორები: კოტე ანთაძე, თედო ნინიძე, მინდია უგრეხელიძე ; ივანე ჯავახიშვილის სახ. თბილისის სახელმწ. უნ-ტის იურიდიული ფაკ-ტის ცივილისტური აზრის ისტორიის ინ-ტი, დავით ბატონიშვილის სამართლის ინ-ტი.
264 ## - წარმოების, გამოცემის, დისტრიბუციის და სხვა ცნობები
გამოცემის, წარმოების, დისტრიბუციის... ადგილი თბილისი :
გამოცემის, წარმოების, დისტრიბუციის... სახელწოდება იურისტების სამყარო,
გამოცემის, წარმოების, დისტრიბუციის... თარიღი 2017.
300 ## - ფიზიკური აღწერა
Extent 180 გვ. ;
Other physical details 20 სმ.
500 ## - ზოგადი შენიშვნა
General note ტექსტი აგრეთვე რუს. ენაზე.
653 ## - INDEX TERM--UNCONTROLLED
Uncontrolled term ესსე
653 ## - INDEX TERM--UNCONTROLLED
Uncontrolled term ლიტერატურა
700 ## - ADDED ENTRY--PERSONAL NAME
Personal name ანთაძე, კოტე
Relator term ავტორი
9 (RLIN) 9322
700 ## - ADDED ENTRY--PERSONAL NAME
Personal name ნინიძე, თედო,
Relator term რედაქტორი
9 (RLIN) 259
700 ## - ADDED ENTRY--PERSONAL NAME
Personal name უგრეხელიძე, მინდია,
Relator term რედაქტორი
9 (RLIN) 6958
710 ## - ADDED ENTRY--CORPORATE NAME
Corporate name or jurisdiction name as entry element ივანე ჯავახიშვილის სახ. თბილისის სახელმწ. უნ-ტი. იურიდიული ფაკ-ტი. ცივილისტური აზრის ისტორიის ინ-ტი.
9 (RLIN) 9323
710 ## - ADDED ENTRY--CORPORATE NAME
Corporate name or jurisdiction name as entry element დავით ბატონიშვილის სამართლის ინ-ტი.
9 (RLIN) 9324
942 ## - ADDED ENTRY ELEMENTS (KOHA)
Source of classification or shelving scheme
Koha item type წიგნი
ეგზემპლარები
ჩამოწერის სტატუსი დაკარგული ეგზემპლარის სტატუსი კლასიფიკაციის წყარო ან თაროზე გაწყობის სქემა დაზიანების სტატუსი არ გაიცემა მუდმივი მდებარეობა (დაცვის ადგილი) ამჟამინდელი ადგილსამყოფელი თაროზე განთავსების ადგილი შეძენის თარიღი ღირებულება, შესყიდვის ნორმალური ფასი სრული შენახვის შიფრი შტრიხკოდი ბოლო ოპერაციის თარიღი ეგზემპლარის მიმდევრობითი ნომერი (კეტერი?) ფასის ძალაში შესვლის თარიღი ეგზემპლარის სახეობა საჯარო შენიშვნა
          ბათუმის შოთა რუსთაველის სახელმწიფო უნივერსიტეტის მთავარი ბიბლიოთეკა ბათუმის შოთა რუსთაველის სახელმწიფო უნივერსიტეტის მთავარი ბიბლიოთეკა წიგნსაცავი 2020-08-25 15.00 821.353.1-94 გ-64 60928 2020-08-25 60928 2020-08-25 წიგნი 15 ლ.